000 00457cam a2200181ua 4500
001 5312
008 120812n ii |||gr||||Z||||||eng
040 _cMAIN
082 _a823
100 _aWilliams, H. M,
_eAuthor,
245 1 1 _aSix ages of english poetry
_cby H. M. Williams
250 _a1st.
260 _aCalcutta:
_bDass publishing concern.
300 _aii; 48p:
_c15cm.
653 _aEnglish fiction
700 _aSen & Das,
_eEditor,
942 _cBK
999 _c4493
_d4493